| 000 | 00478nam a22001697a 4500 | ||
|---|---|---|---|
| 005 | 20241024135010.0 | ||
| 008 | 241024b |||||||| |||| 00| 0 eng d | ||
| 022 | _a02577747 | ||
| 041 | _aAfrikaans | ||
| 082 | _a349 TYD | ||
| 100 | _lAfrikaans | ||
| 245 | _aTydskirf vir die Suid-Afrikaanse Reg 1998-1 | ||
| 260 |
_aKaapstad: _bJuta en Kie Bpk, _c1988 |
||
| 300 |
_b159 pages; _c26 cm. |
||
| 650 |
_aLegal practice _bLaw |
||
| 942 |
_cBK _6ALISON_BN_VRIES |
||
| 999 |
_c3225 _d3225 |
||